000 00677nam a2200193 a 4500
003 0
005 20250509094949.0
008 970101s19uu xx 00 eng d
050 _aPHS ML 3918.R63
_b.T46 2004
100 _aThorne, Cie-Nicolle.
245 _aA Study on the effects of rock music on teenagers' emotional behavior /
_cCie-Nicolle Thorne.
260 _aLas PiƱas City, Philippines :
_bSouthville International School and Colleges,
_c2004.
300 _a30 pages ;
_c28 cm.
504 _aIncludes bibliographical references.
650 _aRock music
_xPsychological aspects.
650 _aMusic and teenagers.
650 _aMusic
_xInfluence.
942 _2lcc
_cPASS
999 _c97162
_d97162